Statistiques concernant Géographie du Portugal.

Cliquez ici pour prendre le quiz!

Statistiques générales

  • Ce quiz a été pris 664 fois
  • Le résultat moyen est 9 sur 15

Statistiques - réponses

QuestionsRéponses% Correct
Avec quel pays le Portugal partage-t-il son unique frontière?Espagne
100%
Comment se nomme la ville la plus peuplée du Portugal?Lisbonne
91%
Quel océan borde le Portugal?Océan {Atlantique}
87%
À quelle péninsule appartient le Portugal?Péninsule {Ibérique}
84%
Quels île ou archipel de l'océan Atlantique appartiennent au Portugal?Açores
77%
Madère
77%
Quel fleuve traverse la ville de Porto?Douro
73%
De combien de région est composé le Portugal?7
69%
Quel est le massif où se situent les plus grands sommet continentaux portugais?Serra da {Estrela}
49%
Combien de district comprend le Portugal?18
48%
Quels sont les deux plus grands fleuves du PortugalTage
45%
Quelle est la plus grande région portugaise?Alentejo
34%
Guadiana
15%
Quel est le point culminant du Portugal?Ponta do {Pico}
11%
Quel est le plus grand lac du Portugal?Barrage d'{Alqueva}
9%

Distribution des résultats

Percentile par nombre de réponses

% des personnes avec chaque résultat

Votre développement - résultats

Vous n’avez pas pris ce quiz